LotR: the Song of Nimrodel - Statistics

General Stats
  • This quiz has been taken 27 times
  • The average score is 27 of 52
Answer Stats
Answer % Correct
A light was on her {hair}
100%
A shining {star} by day:
90%
Awaited her for many a {day}
90%
Beside the falls of {Nimrodel},
90%
Of old he was an Elven-{king},
90%
And {Elven}-maid there was of old,
80%
Beside the roaring {sea}.
80%
By {water} clear and cool,
80%
The elven-{ship} in haven grey
80%
As {sun} upon the golden boughs
70%
{Amroth} beheld the fading shore,
60%
But from the {West} has come no word,
60%
Her hair was long, her limbs were {white},
60%
Her shoes of {silver}-grey.
60%
Him {far} from Nimrodel.
60%
In {sunlight} or in shade;
60%
Of {Amroth} evermore.
60%
When golden were the boughs in {spring}
60%
Across the streaming {tide}.
50%
And fair she was and {free};
50%
And in the {mountains} strayed.
50%
And on the {Hither} Shore
50%
Arose, and {loud} it cried,
50%
As {arrow} from the string,
50%
Her {voice} as falling silver fell
50%
Where now she {wanders} none can tell,
50%
Afar they saw him {strong} and fair
40%
A lord of tree and {glen},
40%
And dive into the water {deep},
40%
As {leaf} of linden-tree.
40%
As mew upon the {wing}.
40%
A star was bound upon her {brows},
40%
A wind by night in {Northern} lands,
40%
Beyond the heaving {waves} that tossed
40%
For {lost} of yore was Nimrodel
40%
From {helm} to sea they saw him leap,
40%
Go riding like a {swan}.
40%
In fair {Lothlorien}.
40%
Into the {shining} pool.
40%
Their plumes of {blinding} spray.
40%
The wind was in his {flowing} hair,
40%
And cursed the {faithless} ship that bore
30%
And {drove} the ship from elven-strands
30%
And in the {wind} she went as light
30%
Beneath the mountain-{lee}
30%
Her {mantle} white was hemmed with gold,
30%
In {Lorien} the fair.
30%
No {tidings} Elven-folk have heard
30%
Now low beyond the {swell},
30%
The {foam} about him shone;
30%
The mountains sinking {grey}
30%
When {dawn} came dim the land was lost
30%
No matching quizzes found
Score Distribution
Percent of People with Each Score
Percentile by Number Answered
Your Score History
You have not taken this quiz